|
|
|
|
| LEADER |
00000nab a2200000 a 4500 |
| 001 |
vtls011110475 |
| 003 |
SK-MaSNL |
| 005 |
20260303150422.0 |
| 008 |
230222|2007 xo |||||||||||||||||slo| |
| 015 |
|
|
|a SNBRB
|
| 035 |
|
|
|a (uuid)ca65b0cf-5df1-4ab6-b07f-6933b82a14dc
|
| 035 |
|
|
|a (urnnbn)urn:nbn:sk:snk:ar-a08e7t
|
| 035 |
|
|
|a urn:nbn:sk:snk-ab9gz7
|
| 040 |
|
|
|a SNKBUCL
|b slo
|c SNKBUCL
|e AACR2
|
| 041 |
0 |
|
|a slo
|
| 044 |
|
|
|a xo
|c SK
|
| 100 |
1 |
|
|a Vaňová, Jaromíra
|4 aut
|9 278230
|
| 245 |
1 |
0 |
|a UPLATŇOVANIE CONTROLLINGU V PERSONÁLNOM MANAŽMENTE
|c Jaromíra Vaňová
|
| 246 |
3 |
|
|a APPLICATION OF CONTROLLING IN PERSONNEL MANAGEMENT
|
| 773 |
0 |
|
|t Vedecké práce Materiálovotechnologickej fakulty Slovenskej technickej univerzity v Bratislave so sídlom v Trnave
|g Č. 22 (2007), s. 145-149
|
| 954 |
|
|
|a odborná, vedecká literatúra pôvodná (slovenská)
|2 lita
|
| 958 |
|
|
|a OND
|
| 958 |
|
|
|a EUIPO
|
| 958 |
|
|
|a article13
|
| 999 |
|
|
|c 2010527
|d 2012457
|